000 01051nam a2200301 i 4500
001 768714001
003 CO-MdFUSB
005 20220625062550.0
007 ta
008 200514t us |||| |||| 00| 0 eng d
020 _a[No incluye ISBN]
040 _aCO-MdFUSB
_bspa
_cCO-MdFUSB
_dCO-MdFUSBC
_erda
041 _aspa
082 _223
_a297
_bM478
100 _aMcCurry, Don M,
_eautor
240 _aUn vistazo al mundo musulman
245 _aConozca lo que los musulmanes creen
_c/ Don McCurry
264 _aCalifornia, Estados Unidos :
_bMinisterios a Musulmanes,
_c[Fecha de publicación no identificada]
300 _c25 páginas ;
_a22 cm
336 _2rdacontent
_atexto
_btxt
337 _2rdamedia
_asin mediación
_bn
338 _2rdacarrier
_avolumen
_bnc
520 1 _aCuando se trata del Islam y cómo alcanzar a los musulmanes para Cristo, el Dr. McCurry es una de las personas más autorizadas y respetadas con que cuenta la iglesia.
563 _aRústico
650 7 _2
_aIslamismo
_96903
942 _cBK
945 _aDani
999 _c65881
_d65881